000 00471nam a2200121Ia 4500
005 20260328104343.0
008 260328s9999||||xx |||||||||||||| ||und||
100 _aCiprian, M.
245 0 _aRemote Work Reimagined :
_b The Essential Guide to Boosting Productivity and Enjoying Life | Proven Strategies, Practical Tips, and Expert Advice for ... Personal growt and financial success Books /
_cM. Ciprian
300 _a123 p.
650 _aCOMUNICACION VISUAL
942 _cBK
999 _c12187
_d12187